000 00524nam a2200169 i 4500
001 66256
003 ES-MaACL
007 t|
008 040129s1975 sp ||||1| spa d
100 1 _aGalbraith, John Kenneth.
_953345
245 1 3 _aLa economía y el objetivo público /
_cJohn Kenneth Galbraith ; [traducción de J. Ferrer Aleu].
250 _a[1ª ed.].
260 _a[Barcelona] :
_bPlaza & Janés,
_c[1975]
300 _a318 p. ;
_c22 cm.
700 1 _aFerrer Aleu, J.
_950442
852 _aES-MaACL
_jE-7839
_bR.92229
999 _c66256
_d66256